书目信息 |
| 题名: |
液晶物理学
|
|
| 作者: | 谢毓章 编著 | |
| 分册: | ||
| 出版信息: | 北京 科学出版社 1988 |
|
| 页数: | 674页 | |
| 开本: | 20cm | |
| 丛书名: | 凝聚态物理学丛书 | |
| 单 册: | ||
| 中图分类: | O469 | |
| 科图分类: | ||
| 主题词: | 真空电子学 , 电子物理学 | |
| 电子资源: | ||
| ISBN: | 7-03-000075-7 | |
| 000 | 00603nam0 2200217 450 | |
| 001 | 0735592734 | |
| 005 | 20070906095312.73 | |
| 010 | @a7-03-000075-7@d¥43.00 | |
| 100 | @a20070906d km y0chiy0120 ea | |
| 101 | 0 | @achi |
| 200 | 1 | @a液晶物理学@Aye jing wu li xue@f谢毓章编著@Fxie yu zhang bian zhu |
| 210 | @a北京@c科学出版社@d1988 | |
| 215 | @a674页@d20cm | |
| 225 | 2 | @a凝聚态物理学丛书 |
| 410 | 0 | @12001 @a凝聚态物理学丛书 |
| 606 | 0 | @a真空电子学 |
| 606 | 0 | @a电子物理学 |
| 690 | @aO469@v3 | |
| 701 | 0 | @a谢毓章@Axie yu zhang@4编著 |
| 801 | 0 | @aCN@bPFT@c20070906 |
| 905 | @a213230@dO469@eP1@f1 | |
| 液晶物理学/谢毓章编著.-北京:科学出版社,1988 |
| 674页;20cm.-(凝聚态物理学丛书) |
| ISBN 7-03-000075-7:¥43.00 |
| ● |
| 相关链接 |
|
|
|
|
正题名:液晶物理学
索取号:O469/P1
 
预约/预借
| 序号 | 登录号 | 条形码 | 馆藏地/架位号 | 状态 | 备注 |
| 1 | 7200213 | 272002138 | 物理系资料室/ [索取号:O469/P1] | 在馆 | |
| 2 | 7200833 | 272008338 | 物理系资料室/ [索取号:O469/P1] | 在馆 |